Коловерть: роман

Dettagli Bibliografici
Autore principale: Поливин Н. Г. Николай Георгиевич
Altri autori: Орлов Е. И. (иллюстратор)
Riassunto:Исключено из фонда НТБ ТПУ
Lingua:russo
Pubblicazione: Москва, Патриот, 1990
Natura: MixedMaterials Libro
KOHA link:https://koha.lib.tpu.ru/cgi-bin/koha/opac-detail.pl?biblionumber=147543

MARC

LEADER 00000nam0a2200000 4500
001 147543
005 20231031145103.0
010 |a 5703003083 
035 |a (RuTPU)RU\TPU\book\159930 
090 |a 147543 
100 |a 20081117d1990 m y0rusy50 ca 
101 0 |a rus 
102 |a RU 
105 |a a z 000ay 
200 1 |a Коловерть  |e роман  |f Н. Г. Поливин  |g худож. Е. И. Орлов 
210 |a Москва  |c Патриот  |d 1990 
215 |a 508 с.  |c ил. 
333 |a Исключено из фонда НТБ ТПУ 
700 1 |a Поливин  |b Н. Г.  |g Николай Георгиевич 
702 1 |a Орлов  |b Е. И.  |4 440 
801 1 |a RU  |b 63413507  |c 20081117  |g PSBO 
801 2 |a RU  |b 63413507  |c 20220516  |g RCR 
942 |c BK